000 00289nam a2200097Ia 4500
008 220204s9999 xx 000 0 und d
082 _aNR:631.531978
_bRRM
245 0 _aRRIM course on rubber planting and nursery techniques 10-15 July 1978
260 _aKuala Lumpur
_bRRIM
_c1978
942 _cBK
999 _c34308
_d34308